| 000 | 01170cam a2200325Ia 4500 | ||
|---|---|---|---|
| 001 | ocm56199292 | ||
| 003 | OCoLC | ||
| 005 | 20230728174204.0 | ||
| 008 | 040815r20001964nyua j 000 1 eng | ||
| 010 | _a 2004101605 | ||
| 020 | _a1930900287 | ||
| 020 | _a9781930900752 (50th edition) | ||
| 020 | _a1930900759 (50th edition) | ||
| 035 | _a677845 | ||
| 035 | _a(OCoLC)56199292 | ||
| 040 |
_aMUO _cMUO _dDAD _erda |
||
| 092 |
_achildren picture book _bYoung |
||
| 100 | 1 |
_aYoung, Miriam, _d1913-1974- _96471220 |
|
| 245 | 1 | 0 |
_aMiss Suzy, _cby Miriam Young. Pictures by Arnold Lobel. |
| 250 | _a40th anniversary ed. | ||
| 260 |
_aCynthiana, Ky. : _bPurple House Press, _cc2000. |
||
| 264 |
_aCynthiana, Ky. : _bPurple House Press, _c2000. |
||
| 300 |
_a[42] p. : _bcol. ill. ; _c27 cm. |
||
| 520 | _aMiss Suzy is a little gray squirrel who lives happily in her oak-tree home until she is chased away by some mean red squirrels. Soon she finds a beautiful dollhouse and meets a band of brave toy soldiers. | ||
| 650 | 0 |
_aSquirrels _vJuvenile fiction. _95688174 |
|
| 942 |
_2ddc _cBOOK |
||
| 999 |
_c386507 _d386507 |
||